000 00845nam a2200265Ia 4500
003 OSt
005 20220924124214.0
006 a|||||r|||| 00| 0
007 ta
008 220923b |||||||| |||| 00| 0 urd d
020 _a9788175879072 (pbk)
020 _c166
024 _a285046
037 _b43536, 13/03/2015, Segment Book Distributors
_cTextual
040 _aARTS
_cARTS
_burd
041 _2urd
_aurd
082 _aY:1.2, 168Q3
100 _aMd. Ekramuddin Khwaja
_9195184
245 0 _aUrdu safarnama mein hindustani tahzeeb o saqafat
260 _aNew Delhi
_b National Council for promotion of urdu language India
_c2013
300 _a493p.
_ccm.
650 _aSOCIOLOGY
942 _hY:1.2, 168Q3
_cTEXL
_2CC
999 _c418806
_d418806